Advances in inorganic chemistry Vol. 45

Salvato in:
Dettagli Bibliografici
Altri autori: Sykes, A.G
Natura: Libro
Lingua:inglese
Pubblicazione: San Diego Academic Press 1998
Edizione:1. ed.
Soggetti:
Accesso online:Visualizza in OPAC
Tags: Aggiungi Tag
Nessun Tag, puoi essere il primo ad aggiungerne!!

MARC

LEADER 00000nam a2200000 a 4500
005 20260127134252.0
008 090506 1998 xxu 000 0 eng d
020 |a 0120236451 
035 |a vtls009505590 
039 9 |y 200905060918  |z mschk03 
040 |a STUSCHK1  |b slo  |c STUSCHK1  |e AACR2 
080 |a 546(082) 
245 1 |a Advances in inorganic chemistry  |n Vol. 45  |c edited by A.G. Sykes 
250 |a 1. ed. 
260 |a San Diego  |b Academic Press  |c 1998 
300 |a vi, 420 s.  |b il.  |c 23,5 cm 
650 0 |a anorganická chémia 
650 0 |a sborníky 
700 1 |a Sykes, A.G. 
910 |a SCHK95 
919 |a 0-12-023645-1 
999 |c 8330  |d 8330